Statistics for Arsenal Trivia

Click here to take the quiz!

General Stats

  • This quiz has been taken 208 times
  • The average score is 11 of 17

Answer Stats

QuestionAnswer% Correct
Who are the two all-time top goalscorers of Arsenal?Thierry Henry
98%
What is the nickname of Arsenal?The Gunners
97%
The word "arsenal" is a type of place or storehouse. What do you store in an arsenal?Weapons
97%
Who was Arsenal's first foreign manager to lift the Premier League title?Arsène Wenger
93%
Who is both the captain of Arsenal and captain of Gabon national team?Pierre-Emerick
Aubameyang
84%
What midfielder transferred from Real Madrid to Arsenal in 2013?Mesut Özil
82%
Who was nicknamed the "Non-Flying Dutchman" by the supporters?Dennis Bergkamp
80%
What Ivorian player'a transfer to Arsenal in 2019 costed €80 million,
the club's most expensive player to date?
Nicolas Pépé
80%
What nickname is given to Arsenal for its longest top-flight unbeaten league
run at 49 games between 2003–04?
The Invincibles
76%
Who are the two all-time top goalscorers of Arsenal?Ian Wright
74%
Who was Ray Keane's main rival?Patrick Vieira
66%
Who was known as "Mr Arsenal"?Tony Adams
57%
Who was transfered to Arsenal as a long-term replacement for the above?Robin van Persie
56%
In which of the boroughs of London is Arsenal based?Islington
33%
What former manager is often credited with "turning round the fortunes of Arsenal"?Herbert Chapman
26%
What famous chant was originally sung by opposition fans in the 80s and 90s, but was
reclaimed by Arsenal supporters under that manager?
{Boring},
{Boring} Arsenal
23%
What was the name of Arsenal's home stadium prior to Emiratis taking sponsorship?{Ashburton} Grove
20%

Score Distribution

Percentile by Number Answered

Percent of People with Each Score

Your Score History

You have not taken this quiz